000 00440nmm a2200157Ia 4500
008 251105s9999||||xx |||||||||||||||||und||
041 _aspa
100 _aVaughn, Carrie
245 0 _aKitty a medianoche
264 _a[Madrid, España] :
_bLa Factoría de Ideas,
_c2011
300 _a256 páginas
490 _aPandora
650 _aScience fiction & Fantasy
856 _uhttps://public.digitaliapublishing.com/a/25509
942 _cCF
999 _c100383
_d100383